header

Airborne geophysics and precise positioning (Record no. 165654)

MARC details
000 -LEADER
fixed length control field 01656nam a2200337 a 4500
082 04 - DEWEY DECIMAL CLASSIFICATION NUMBER
Classification number 550
245 00 - TITLE STATEMENT
Title Airborne geophysics and precise positioning
260 ## - PUBLICATION, DISTRIBUTION, ETC. (IMPRINT)
Place of publication Washington, D.C. :
Name of publisher National Academy Press,
Year of publication 1995.
300 ## - PHYSICAL DESCRIPTION
Number of Pages x, 111 p. :
Other physical details ill., maps.
500 ## - GENERAL NOTE
General note Report based on information presented at the Workshop on Airborne Geophysics, held on July 12-14, 1993, in Washington, D.C.
650 #0 - SUBJECT ADDED ENTRY--TOPICAL TERM
Topical Term Geophysics
Topical Term Earth sciences
Topical Term Aeronautics in geodesy
Topical Term Aeronautics in earth sciences
856 40 - ELECTRONIC LOCATION AND ACCESS
Uniform Resource Identifier http://site.ebrary.com/lib/rucke/Doc?id=10054987

No items available.

© 2026 Rongo University
Contact us: librarian | system librarian | Rongo university